Vincitori Copa del Rey - Statistics

Statistiche generali
  • Questo quiz è stato fatto 144 volte
    108 dall'ultimo reset
  • Il punteggio medio è 105 su 122
Statistiche sulle risposte
Edizione Vincitori % Corretto
1910 | 1912 | 1920 | +27 others Barcellona
100%
1905 | 1906 | 1907 | +17 others Real Madrid
100%
1959-1960 | 1960-1961 | 1964-1965 | +7 others Atlético Madrid
97%
1941 | 1948-1949 | 1954 | +5 others Valencia
92%
1935 | 1939 | 1947-1948 | +2 others Siviglia
91%
1976-1977 | 2004-2005 | 2021-2022 Betis Siviglia
86%
1986-1987 | 2019-2020 Real Sociedad
86%
1909 Club Ciclista
83%
1903 | 1904 | 1910 | +18 others Athletic bilbao
81%
1933 | 1983-1984 | 2023-2024 Athletic Bilbao
81%
1994-1995 | 2001-2002 Deportivo La Coruña
73%
1928-1929 | 1940 | 1999-2000 | 2005-2006 Espanyol
66%
2002-2003 Maiorca
58%
1963-1964 | 1965-1966 | 1985-1986 | +3 others Real Saragozza
55%
1919 Arenas Getxo
27%
1913 Racing de Irún
14%
1913 FC Barcelona
11%
1918 | 1924 | 1927 Real Unión
11%
Nessun quiz corrispondente trovato
Distribuzione punteggi
Percentuale di utenti per punteggio
Percentile per numero di risposta
I tuoi punteggi nel tempo
Non hai fatto questo quiz dall'ultimo reset